000 01656nam a2200433 a 4500
001 vtls002052808
003 NLI
005 20210701051448.0
008 191101s2015 ii a g h 000 0bben
020 _cRs. 60.00 (pbk.)
039 9 _a201912061653
_bprasenjits
_c201911071827
_dparamitam
_c201911011904
_dparamitam
_c201911011903
_dparamitam
_y201911011859
_zparamitam
040 _aNLI
_bben
_cBengali Div
041 0 _aben
044 _aii
082 0 4 _a928.9144
_222
100 1 _6880-01
245 0 0 _6880-02
_aআমাদের শংকর /
_cগৌরশংকর বন্দোপাধ্যায় ... [et. al.]
260 _aকলকাতা :
_bসূচিপত্র,
_c2015
300 _a63 p. ;
_c22 cm.
600 1 0 _aChakraborty, Sankar,
_d1946-
_91370558
650 0 _aAuthors, Bengali
_vBiography
_9700640
700 1 _6880-03
_aবন্দোপাধ্যায়, গৌরশংকর,
_4edt.
_9679788
700 1 _6880-04
700 1 _6880-05
880 1 _6100-01(B
880 0 _6245-02(B
_aĀmāder Śaṁkar /
_cedited by Gaurśaṁkar Bandopādhyāy ... [et. al.]
880 1 _6700-03(B
_aBandopādhyāy, Gaurśaṁkar,
_4edt.
880 1 _6700-04(B
880 1 _6700-05(B
887 _aParamita Mullick P. Sarkar
901 _a94600 :
_b18.11.2016
902 _aB 928.9144 C 217
904 _aParamita Mullick
905 _aP. Sarkar
949 _AVIRTUAITEM
_D10008
_X100
_6DBA000094600BEN
_e94600
942 _2ddc
_cBKS
999 _aVIRTUA
_c1468024
_d1468024
999 _aVTLSSORT0080*0200*0400*0410*0440*0820*1000*2450*2600*3000*6000*6500*7000*7001*7002*8520*8800*8801*8802*8803*8804*9010*9020*9040*9050*9992